Rada vzájomnej hospodárskej pomoci súčasnosť a perspektívy

Gespeichert in:
Bibliographische Detailangaben
1. Verfasser: Černý, Jozef
Weitere Verfasser: Fifek, Edmund, Harvan, Dušan
Format: Buch
Sprache:Slowakisch
Veröffentlicht: Bratislava Práca 1989
Schlagworte:
Tags: Tag hinzufügen
Keine Tags, Fügen Sie das erste Tag hinzu!

MARC

LEADER 00000nam a2200000 4500
001 c040208
005 20260325070425.2
041 0 |a slo 
044 |a SK 
245 1 0 |a Rada vzájomnej hospodárskej pomoci  |b súčasnosť a perspektívy  |c Jozef Černý, Edmund Fifek, Dušan Harvan 
264 1 |a Bratislava  |b Práca  |c 1989 
300 |a 177 s. 
610 2 0 |a RVHP 
100 1 |a Černý, Jozef 
700 1 |a Fifek, Edmund 
700 1 |a Harvan, Dušan